India Express : (Record no. 492671)
[ view plain ]
| 000 -LEADER | |
|---|---|
| fixed length control field | 00914nam a22002297a 4500 |
| 003 - CONTROL NUMBER IDENTIFIER | |
| control field | OSt |
| 005 - DATE AND TIME OF LATEST TRANSACTION | |
| control field | 20260511144848.0 |
| 008 - FIXED-LENGTH DATA ELEMENTS--GENERAL INFORMATION | |
| fixed length control field | 260511b |||||||| |||| 00| 0 eng d |
| 020 ## - INTERNATIONAL STANDARD BOOK NUMBER | |
| International Standard Book Number | 9781529110074 |
| 040 ## - CATALOGING SOURCE | |
| Original cataloging agency | Kenya National Library Service |
| 082 ## - DEWEY DECIMAL CLASSIFICATION NUMBER | |
| Classification number | 641.5954 IYE |
| 100 ## - MAIN ENTRY--PERSONAL NAME | |
| Personal name | Iyer, Rukmini |
| Relator term | author |
| 245 ## - TITLE STATEMENT | |
| Title | India Express : |
| Remainder of title | fresh and delicious recipes for every day / |
| Statement of responsibility, etc. | Rukmini Iyer |
| 300 ## - PHYSICAL DESCRIPTION | |
| Extent | 268 pages : |
| Other physical details | colour illustrations ; |
| Dimensions | 26 cm. |
| 504 ## - BIBLIOGRAPHY, ETC. NOTE | |
| Bibliography, etc. note | Includes index |
| 520 ## - SUMMARY, ETC. | |
| Summary, etc. | Simple, fresh and delicious East and South India-inspired recipes with a modern twist for flavourful, everyday snacks, dinners and desserts. Over 75 simple, fresh and delicious recipes from Kolkata to Chennai. |
| 650 ## - SUBJECT ADDED ENTRY--TOPICAL TERM | |
| Topical term or geographic name entry element | Vegetarian cooking |
| 650 ## - SUBJECT ADDED ENTRY--TOPICAL TERM | |
| Topical term or geographic name entry element | Bengari (South Asian people ) |
| Form subdivision | Food |
| 942 ## - ADDED ENTRY ELEMENTS (KOHA) | |
| Source of classification or shelving scheme | Dewey Decimal Classification |
| Koha item type | Books |
| Suppress in OPAC | No |
No items available.
